<?xml version="1.0" encoding="UTF-8"?>
<record
    xmlns:xsi="http://www.w3.org/2001/XMLSchema-instance"
    xsi:schemaLocation="http://www.loc.gov/MARC21/slim http://www.loc.gov/standards/marcxml/schema/MARC21slim.xsd"
    xmlns="http://www.loc.gov/MARC21/slim">

  <leader>01480nam a22002537a 4500</leader>
  <controlfield tag="003">SEM</controlfield>
  <controlfield tag="005">20230803160336.0</controlfield>
  <controlfield tag="008">230803b1988    ru ||||gr||||||01|0 rus|d</controlfield>
  <datafield tag="040" ind1=" " ind2=" ">
    <subfield code="a">SEM</subfield>
    <subfield code="c">SEM</subfield>
  </datafield>
  <datafield tag="041" ind1=" " ind2=" ">
    <subfield code="a">rus</subfield>
  </datafield>
  <datafield tag="080" ind1=" " ind2=" ">
    <subfield code="a">930.27(47.925)/&#x41C;-91</subfield>
  </datafield>
  <datafield tag="100" ind1=" " ind2=" ">
    <subfield code="a">&#x41C;&#x443;&#x440;&#x430;&#x434;&#x44F;&#x43D;, &#x41F;&#x430;&#x440;&#x443;&#x439;&#x440; &#x41C;&#x430;&#x43C;&#x431;&#x440;&#x435;&#x435;&#x432;&#x438;&#x447;</subfield>
  </datafield>
  <datafield tag="245" ind1=" " ind2=" ">
    <subfield code="a">&#x410;&#x440;&#x43C;&#x44F;&#x43D;&#x441;&#x43A;&#x430;&#x44F; &#x44D;&#x43F;&#x438;&#x433;&#x440;&#x430;&#x444;&#x438;&#x43A;&#x430; &#x413;&#x440;&#x443;&#x437;&#x438;&#x438; : </subfield>
    <subfield code="b">&#x422;&#x431;&#x438;&#x43B;&#x438;&#x441;&#x438; /</subfield>
    <subfield code="c">&#x41F;. &#x41C;&#x443;&#x440;&#x430;&#x434;&#x44F;&#x43D;; &#x420;&#x435;&#x434;.: &#x41C;. &#x410;&#x441;&#x440;&#x430;&#x442;&#x44F;&#x43D;; &#x413;&#x43B;&#x430;&#x432;&#x43D;&#x43E;&#x435; &#x443;&#x43F;&#x440;&#x430;&#x432;&#x43B;&#x435;&#x43D;&#x438;&#x435; &#x43F;&#x43E; &#x43E;&#x445;&#x440;&#x430;&#x43D;&#x435; &#x438; &#x438;&#x441;&#x43F;&#x43E;&#x43B;&#x44C;&#x437;&#x43E;&#x432;&#x430;&#x43D;&#x438;&#x44E; &#x43F;&#x430;&#x43C;&#x44F;&#x442;&#x43D;&#x438;&#x43A;&#x43E;&#x432; &#x438;&#x441;&#x442;&#x43E;&#x440;&#x438;&#x438; &#x438; &#x43A;&#x443;&#x43B;&#x44C;&#x442;&#x443;&#x440;&#x44B; &#x43F;&#x440;&#x438; &#x441;&#x43E;&#x432;&#x435;&#x442;&#x435; &#x41C;&#x438;&#x43D;&#x438;&#x441;&#x442;&#x440;&#x43E;&#x432; &#x410;&#x440;&#x43C;&#x44F;&#x43D;&#x441;&#x43A;&#x43E;&#x439; &#x421;&#x421;&#x420;; &#x410;&#x41D; &#x410;&#x421;&#x421;&#x420;, &#x418;&#x43D;&#x441;&#x442;&#x438;&#x442;&#x443;&#x442; &#x432;&#x43E;&#x441;&#x442;&#x43E;&#x43A;&#x43E;&#x432;&#x435;&#x434;&#x435;&#x43D;&#x438;&#x44F;</subfield>
  </datafield>
  <datafield tag="246" ind1=" " ind2=" ">
    <subfield code="a">&#x54E;&#x580;&#x561;&#x57D;&#x57F;&#x561;&#x576;&#x56B; &#x570;&#x561;&#x575;&#x565;&#x580;&#x565;&#x576; &#x561;&#x580;&#x571;&#x561;&#x576;&#x561;&#x563;&#x580;&#x578;&#x582;&#x569;&#x575;&#x578;&#x582;&#x576;&#x576;&#x565;&#x580;&#x568; &#x589; </subfield>
    <subfield code="b">&#x539;&#x562;&#x56B;&#x56C;&#x56B;&#x57D;&#x56B; /</subfield>
  </datafield>
  <datafield tag="260" ind1=" " ind2=" ">
    <subfield code="a">&#x415;&#x440;&#x435;&#x432;&#x430;&#x43D; :</subfield>
    <subfield code="b">&#x438;&#x437;&#x434;. &#x410;&#x41D; &#x421;&#x421;&#x420;,</subfield>
    <subfield code="c">1988.</subfield>
  </datafield>
  <datafield tag="300" ind1=" " ind2=" ">
    <subfield code="a">137 &#x441;. ;</subfield>
    <subfield code="b">XVI &#x442;&#x430;&#x431;&#x43B;.;</subfield>
    <subfield code="c">25 &#x441;&#x43C;</subfield>
  </datafield>
  <datafield tag="504" ind1=" " ind2=" ">
    <subfield code="a">&#x411;&#x438;&#x431;&#x43B;.: &#x441;. 121-126
&#x423;&#x43A;&#x430;&#x437;.: &#x441;. 127-136</subfield>
  </datafield>
  <datafield tag="650" ind1=" " ind2=" ">
    <subfield code="a">&#x410;&#x440;&#x43C;&#x44F;&#x43D;&#x441;&#x43A;&#x430;&#x44F; &#x44D;&#x43F;&#x438;&#x433;&#x440;&#x430;&#x444;&#x438;&#x43A;&#x430;</subfield>
  </datafield>
  <datafield tag="653" ind1=" " ind2=" ">
    <subfield code="a">&#x54D;&#x537;&#x544;</subfield>
  </datafield>
  <datafield tag="700" ind1=" " ind2=" ">
    <subfield code="a">&#x410;&#x441;&#x440;&#x430;&#x442;&#x44F;&#x43D; &#x41C;. &#x41C;.</subfield>
    <subfield code="4">&#x440;&#x435;&#x434;.</subfield>
  </datafield>
  <datafield tag="710" ind1=" " ind2=" ">
    <subfield code="a">&#x413;&#x43B;&#x430;&#x432;&#x43D;&#x43E;&#x435; &#x443;&#x43F;&#x440;&#x430;&#x432;&#x43B;&#x435;&#x43D;&#x438;&#x435; &#x43F;&#x43E; &#x43E;&#x445;&#x440;&#x430;&#x43D;&#x435; &#x438; &#x438;&#x441;&#x43F;&#x43E;&#x43B;&#x44C;&#x437;&#x43E;&#x432;&#x430;&#x43D;&#x438;&#x44E; &#x43F;&#x430;&#x43C;&#x44F;&#x442;&#x43D;&#x438;&#x43A;&#x43E;&#x432; &#x438;&#x441;&#x442;&#x43E;&#x440;&#x438;&#x438; &#x438; &#x43A;&#x443;&#x43B;&#x44C;&#x442;&#x443;&#x440;&#x44B; &#x43F;&#x440;&#x438; &#x441;&#x43E;&#x432;&#x435;&#x442;&#x435; &#x41C;&#x438;&#x43D;&#x438;&#x441;&#x442;&#x440;&#x43E;&#x432; &#x410;&#x440;&#x43C;&#x44F;&#x43D;&#x441;&#x43A;&#x43E;&#x439; &#x421;&#x421;&#x420;</subfield>
  </datafield>
  <datafield tag="710" ind1=" " ind2=" ">
    <subfield code="a">&#x410;&#x43A;&#x430;&#x434;&#x435;&#x43C;&#x438;&#x44F; &#x43D;&#x430;&#x443;&#x43A; &#x410;&#x440;&#x43C;&#x44F;&#x43D;&#x441;&#x43A;&#x43E;&#x439; &#x421;&#x421;&#x420;, </subfield>
    <subfield code="b">&#x418;&#x43D;&#x441;&#x442;&#x438;&#x442;&#x443;&#x442; &#x432;&#x43E;&#x441;&#x442;&#x43E;&#x43A;&#x43E;&#x432;&#x435;&#x434;&#x435;&#x43D;&#x438;&#x44F;</subfield>
  </datafield>
  <datafield tag="942" ind1=" " ind2=" ">
    <subfield code="2">udc</subfield>
    <subfield code="c">BK</subfield>
  </datafield>
  <datafield tag="999" ind1=" " ind2=" ">
    <subfield code="c">57859</subfield>
    <subfield code="d">57859</subfield>
  </datafield>
  <datafield tag="952" ind1=" " ind2=" ">
    <subfield code="0">0</subfield>
    <subfield code="1">0</subfield>
    <subfield code="2">udc</subfield>
    <subfield code="4">0</subfield>
    <subfield code="7">0</subfield>
    <subfield code="8">&#x533;&#x580;&#x561;&#x57A;&#x561;&#x570;&#x578;&#x581;</subfield>
    <subfield code="a">SEM</subfield>
    <subfield code="b">SEM</subfield>
    <subfield code="d">2023-08-03</subfield>
    <subfield code="g">1000.00</subfield>
    <subfield code="i">&#x420;&#x443;&#x441;-431</subfield>
    <subfield code="l">0</subfield>
    <subfield code="o">930.27(47.925)/&#x41C;-91</subfield>
    <subfield code="p">&#x420;&#x443;&#x441;-431</subfield>
    <subfield code="r">2023-08-03</subfield>
    <subfield code="w">2023-08-03</subfield>
    <subfield code="y">BK</subfield>
    <subfield code="z">&#x54D;&#x57A;&#x561;&#x57D;&#x561;&#x580;&#x56F;&#x57E;&#x578;&#x582;&#x574; &#x567; &#x568;&#x576;&#x569;&#x565;&#x580;&#x581;&#x561;&#x57D;&#x580;&#x561;&#x570;</subfield>
  </datafield>
  <datafield tag="952" ind1=" " ind2=" ">
    <subfield code="0">0</subfield>
    <subfield code="1">0</subfield>
    <subfield code="2">udc</subfield>
    <subfield code="4">0</subfield>
    <subfield code="7">0</subfield>
    <subfield code="8">&#x533;&#x580;&#x561;&#x57A;&#x561;&#x570;&#x578;&#x581;</subfield>
    <subfield code="a">SEM</subfield>
    <subfield code="b">SEM</subfield>
    <subfield code="d">2023-08-03</subfield>
    <subfield code="g">1000.00</subfield>
    <subfield code="i">&#x420;&#x443;&#x441;-518</subfield>
    <subfield code="l">0</subfield>
    <subfield code="o">930.27(47.925)/&#x41C;-91</subfield>
    <subfield code="p">&#x420;&#x443;&#x441;-518</subfield>
    <subfield code="r">2023-08-03</subfield>
    <subfield code="w">2023-08-03</subfield>
    <subfield code="y">BK</subfield>
    <subfield code="z">&#x54D;&#x57A;&#x561;&#x57D;&#x561;&#x580;&#x56F;&#x57E;&#x578;&#x582;&#x574; &#x567; 30 &#x585;&#x580;</subfield>
  </datafield>
  <datafield tag="952" ind1=" " ind2=" ">
    <subfield code="0">0</subfield>
    <subfield code="1">0</subfield>
    <subfield code="2">udc</subfield>
    <subfield code="4">0</subfield>
    <subfield code="7">0</subfield>
    <subfield code="8">&#x533;&#x580;&#x561;&#x57A;&#x561;&#x570;&#x578;&#x581;</subfield>
    <subfield code="a">SEM</subfield>
    <subfield code="b">SEM</subfield>
    <subfield code="d">2023-08-03</subfield>
    <subfield code="g">1000.00</subfield>
    <subfield code="i">&#x540;&#x578;&#x57E;&#x570;-234</subfield>
    <subfield code="l">0</subfield>
    <subfield code="o">930.27(47.925)/&#x41C;-91</subfield>
    <subfield code="p">&#x540;&#x578;&#x57E;&#x570;-234</subfield>
    <subfield code="r">2023-08-03</subfield>
    <subfield code="w">2023-08-03</subfield>
    <subfield code="y">BK</subfield>
    <subfield code="z">&#x54D;&#x57A;&#x561;&#x57D;&#x561;&#x580;&#x56F;&#x57E;&#x578;&#x582;&#x574; &#x567; 30 &#x585;&#x580;</subfield>
  </datafield>
</record>
